|
|
|
|
| LEADER |
01502nam a2200289 u 4500 |
| 001 |
10029931 |
| 003 |
upatras |
| 005 |
20210117210017.0 |
| 008 |
990909s1997 gr eng |
| 020 |
|
|
|a 9603443271
|
| 040 |
|
|
|a GR-PaULI
|c GR-PaULI
|
| 041 |
0 |
|
|a eng
|
| 082 |
0 |
4 |
|a 306.877
|
| 245 |
1 |
0 |
|a Αιμομιξία και θεραπευτικό πλαίσιο
|c Ελληνική Εταιρεία Ψυχικής Υγιεινής και Νευροψυχιατρικής του Παιδιού; επιμέλεια Θεανώ Καλλινικάκη
|
| 260 |
|
|
|a Αθήνα
|b Ελληνικά Γράμματα
|c 1997
|
| 300 |
|
|
|a 150 σ.
|c 21 εκ.
|
| 504 |
|
|
|a Περιλαμβάνει βιβλιογραφικές παραπομπές
|
| 650 |
|
4 |
|a Αιμομιξία
|9 39968
|
| 650 |
|
4 |
|a Ψυχοθεραπεία
|9 35
|
| 700 |
1 |
|
|a Καλλινικάκη, Θεανώ Ν.
|9 48590
|
| 852 |
|
|
|a GR-PaULI
|b ΠΑΤΡΑ
|b ΠΤΔΕ
|k ΑΣΧΕ
|h 306.877 Ε.Ε.Ψ.
|m 5947α
|p 025000035180
|t 1
|
| 852 |
|
|
|a GR-PaULI
|b ΠΑΤΡΑ
|b ΠΤΔΕ
|k ΑΣΧΕ
|h 306.877 Ε.Ε.Ψ.
|m 5947β
|p 025000061579
|t 2
|
| 942 |
|
|
|2 ddc
|c BK15
|
| 952 |
|
|
|0 0
|1 0
|4 0
|6 306_877000000000000_Ε_Ε_Ψ
|7 0
|9 198416
|a PTDE
|b PTDE
|d 2016-04-24
|i 5947α
|l 0
|o 306.877 Ε.Ε.Ψ.
|p 025000035180
|r 2016-04-24 00:00:00
|t 1
|w 2016-04-24
|y BK15
|
| 952 |
|
|
|0 0
|1 0
|4 0
|6 306_877000000000000_Ε_Ε_Ψ
|7 0
|9 198417
|a PTDE
|b PTDE
|d 2016-04-24
|i 5947β
|l 0
|o 306.877 Ε.Ε.Ψ.
|p 025000061579
|r 2016-04-24 00:00:00
|t 2
|w 2016-04-24
|y BK15
|
| 998 |
|
|
|c ΣΥΨΑ
|d 1999-09
|
| 999 |
|
|
|c 121831
|d 121831
|